00420nam a2200181Ia 4500003000400000005001700004008004100021020001800062040000600080041001200086082002200098100002100120245003800141250001200179260002500191300001300216440000900229OSt20240910131454.0240126s9999 xx 000 0 und d a9788180383922 c0 aEnglish a344.046 SHA;1 R aShanthakumar, S. 0aIntroduction to environmental law a2nd ed. bLexis NexisaHaryana alvi, 494 aNULL